000 00985nam a2200241Ia 4500
003 OSt
005 20220930080936.0
006 a|||||r|||| 00| 0
007 ta
008 220926b |||||||| |||| 00| 0 eng d
024 _a100003
037 _cTheses
040 _aCRL
_cCRL
_beng
041 _2eng
_aeng
100 _aSaikia Mahaswetta
_9540249
110 _aUniversity of Delhi. Facaulty of Science. Department of Botany
_9540250
245 0 _aIdentification of diverse midgut serine proteinases in the fourth instar larvea of an economically important sericigenous lepidoptera from North East India antheraea assamensis (halfer)feeding on persea bombycina (kostermans) and litsea monopetala (roxbur
650 _aBOTANY
700 _a Dr. Sudeshna Mazumdar Leighton Gu.
_9540251
700 _aUniversity of Delhi. Facaulty of Science. Department of Botany
_9540252
942 _cDIS
_2CC
999 _c870691
_d870691